Makroekonómia a proces poznávania zborník z vedeckej konferencie doktorandov a mladých vedeckých pracovníkov konanej v rámci týždňa vedy a techniky v roku 2008
Gespeichert in:
| Körperschaften: | , , |
|---|---|
| Weitere Verfasser: | , |
| Format: | Buch |
| Sprache: | Slowakisch Englisch |
| Veröffentlicht: |
Bratislava
Vydavateľstvo EKONÓM
2008
|
| Schlagworte: | |
| Tags: |
Keine Tags, Fügen Sie das erste Tag hinzu!
|
MARC
| LEADER | 00000nam$a2200000$$$4500 | ||
|---|---|---|---|
| 001 | 0090582 | ||
| 005 | 20240109071203.3 | ||
| 020 | |a 978-80-225-2678-4 | ||
| 041 | 0 | |a slo | |
| 041 | 0 | |a eng | |
| 044 | |a SK | ||
| 245 | 1 | 0 | |a Makroekonómia a proces poznávania |b zborník z vedeckej konferencie doktorandov a mladých vedeckých pracovníkov konanej v rámci týždňa vedy a techniky v roku 2008 |
| 264 | 1 | |a Bratislava |b Vydavateľstvo EKONÓM |c 2008 | |
| 300 | |a 116 s. | ||
| 610 | 2 | 0 | |a makroekonomika |
| 610 | 2 | 0 | |a integrácia ekonomická |
| 610 | 2 | 0 | |a globalizácia hospodárstva |
| 700 | 1 | |a Knapik, Peter | |
| 700 | 1 | |a Kovaľ, Ladislav | |
| 110 | 2 | |a Makroekonómia a proces poznávania. Vedecká konferencia | |
| 710 | 2 | |a Fakulta hospodárskej informatiky EU. Katedra operačného výskumu a ekonometrie | |
| 710 | 2 | |a Národohospodárska fakulta EU. Katedra verejnej správy a regionálneho rozvoja | |